[Event "World Rapid Women 2019"]
[Site "Moscow RUS"]
[Date "2019.12.26"]
[Round "3.38"]
[White "Antova, Gabriela"]
[Black "Guseva, Marina"]
[Result "1/2-1/2"]
[WhiteTitle "FM"]
[BlackTitle "IM"]
[WhiteElo "2314"]
[BlackElo "2373"]
[WhiteFideId "2915235"]
[BlackFideId "4149351"]
[EventDate "2019.12.26"]
[EventType "rapid"]

1. d4 Nf6 2. c4 e6 3. Nf3 b6 4. g3 Ba6 5. Nbd2 Bb7 6. Bg2 Be7 7. O-O O-O 8. Qc2
d5 9. cxd5 exd5 10. Ne5 c5 11. Rd1 Nbd7 12. Ndf3 c4 13. Bf4 b5 14. Nxd7 Qxd7 15.
Ne5 Qe6 16. Re1 Rac8 17. f3 Bd6 18. e4 dxe4 19. fxe4 Nh5 20. Qd2 Nxf4 21. gxf4
Rfd8 22. Qf2 Qh6 23. f5 Bc7 24. Rad1 Bb6 25. Kh1 Qd6 26. Nf3 c3 27. bxc3 Rxc3
28. e5 Qc7 29. e6 fxe6 30. fxe6 Rc2 31. Re2 Rxe2 32. Qxe2 Qe7 33. Qe5 Bd5 34.
Ng5 Bxg2+ 35. Kxg2 Bc7 36. Qf5 g6 37. Qf7+ Qxf7 38. exf7+ Kg7 39. Ne6+ Kxf7 40.
Nxc7 a6 41. Nxa6 Ra8 42. Nb4 Ke6 43. Kf3 Ra3+ 44. Ke4 Rh3 45. Rd2 Kd6 46. Rf2
Rh4+ 47. Ke3 Rh3+ 48. Kf4 Rh4+ 49. Ke3 Rh3+ 50. Ke4 Rh4+ 51. Rf4 Rxh2 52. Rf6+
Kc7 53. Kd5 Rh5+ 54. Ke6 Rh4 55. Rf7+ Kb6 56. Nd5+ Ka6 57. Ke5 Rh2 58. Kd6 Rd2
59. Nc7+ Kb6 60. d5 Rxa2 61. Ne6 b4 62. Nc5 Kb5 63. Rb7+ Kc4 64. Kc6 Ra5 65. Ne4
Ra6+ 66. Kd7 Kxd5 67. Rxb4 Ke5 68. Ng5 Ra7+ 69. Kc6 h5 70. Nf3+ Kf5 71. Nh4+ Kg5
72. Kd5 Re7 73. Nf3+ Kf6 74. Kd4 Re6 75. Kd3 Ra6 76. Rf4+ Kg7 77. Ke3 Kh6 78.
Rf8 Kg7 79. Rf4 Ra5 80. Re4 Ra3+ 81. Kf2 Kf6 82. Rb4 Kf5 83. Rb5+ Kf4 84. Rb4+
Kf5 85. Rb5+ Kf4 86. Rb4+ Kf5 87. Rb5+ 1/2-1/2

[Event "World Rapid Women 2019"]
[Site "Moscow RUS"]
[Date "2019.12.26"]
[Round "3.39"]
[White "Nazarova, Anastasia"]
[Black "Buksa, Nataliya"]
[Result "0-1"]
[WhiteTitle "WFM"]
[BlackTitle "IM"]
[WhiteElo "2176"]
[BlackElo "2403"]
[WhiteFideId "34101737"]
[BlackFideId "14123622"]
[EventDate "2019.12.26"]
[EventType "rapid"]

1. e4 c5 2. Nf3 Nc6 3. d4 cxd4 4. Nxd4 e5 5. Nb5 d6 6. N1c3 a6 7. Na3 Be7 8. Nc4
b5 9. Ne3 Nf6 10. g3 h5 11. h3 Nd4 12. Bg2 Be6 13. Ncd5 Nxd5 14. Nxd5 Bxd5 15.
exd5 Rc8 16. c3 Nf5 17. O-O Bg5 18. Qd3 Bxc1 19. Rfxc1 Ne7 20. a4 Qb6 21. axb5
axb5 22. Ra2 h4 23. g4 Ng6 24. Qe3 Qd8 25. Bf1 Rb8 26. Rca1 O-O 27. Bd3 Nf4 28.
Be4 Qc8 29. Ra6 Qd8 30. Kh2 Kh8 31. Rc6 Qf6 32. Rg1 g6 33. g5 Qe7 34. Rg4 Kg7
35. Ra6 Rh8 36. Ra7 Rb7 37. Rxb7 Qxb7 38. Rxf4 exf4 39. Qd4+ Kh7 40. Qf6 Re8 41.
Bf3 Qe7 42. Qd4 Qe5 43. Qb6 Qxg5 44. Qxb5 Re1 45. Bg4 f3 0-1

[Event "World Rapid Women 2019"]
[Site "Moscow RUS"]
[Date "2019.12.26"]
[Round "3.40"]
[White "Mamedjarova, Zeinab"]
[Black "Munkhzul, Davaakhuu"]
[Result "0-1"]
[WhiteTitle "WGM"]
[BlackTitle "WCM"]
[WhiteElo "2278"]
[BlackElo "1991"]
[WhiteFideId "13401521"]
[BlackFideId "4902815"]
[EventDate "2019.12.26"]
[EventType "rapid"]

1. d4 d5 2. c4 e6 3. Nf3 a6 4. e3 Nf6 5. Nc3 dxc4 6. Bxc4 b5 7. Bd3 Bb7 8. O-O
Be7 9. Qe2 O-O 10. b3 Nbd7 11. Bb2 c5 12. Rfd1 Qb6 13. Rac1 Rac8 14. Bb1 Rfd8
15. h3 Bxf3 16. Qxf3 cxd4 17. exd4 b4 18. Na4 Qa7 19. Rc4 Nd5 20. Rdc1 Qa8 21.
Nc5 N7b6 22. R4c2 Bf6 23. Re2 Nc3 24. Bxc3 Qxf3 25. gxf3 bxc3 26. Nxa6 Rxd4 27.
Be4 Nd5 28. Bxd5 exd5 29. Kg2 g6 30. b4 Rd2 31. Rxd2 cxd2 32. Rd1 Bc3 33. b5 Re8
34. b6 Re1 35. b7 Rxd1 36. b8=Q+ Kg7 37. Nc7 Re1 38. Ne8+ Rxe8 39. Qxe8 d1=Q 40.
a4 Qd2 41. Qe3 Qxe3 42. fxe3 Kf6 43. Kf2 Ke5 44. Ke2 g5 45. Kd3 Ba5 46. Ke2 f5
47. Kf2 d4 48. exd4+ Kxd4 49. Kg3 Ke3 50. Kg2 f4 0-1

[Event "World Rapid Women 2019"]
[Site "Moscow RUS"]
[Date "2019.12.26"]
[Round "3.41"]
[White "Fominykh, Maria"]
[Black "Guichard, Pauline"]
[Result "0-1"]
[WhiteTitle "WGM"]
[BlackTitle "IM"]
[WhiteElo "2206"]
[BlackElo "2408"]
[WhiteFideId "4142411"]
[BlackFideId "639370"]
[EventDate "2019.12.26"]
[EventType "rapid"]

1. d4 Nf6 2. c4 e6 3. g3 d5 4. Nf3 Be7 5. Bg2 O-O 6. O-O dxc4 7. Ne5 Nc6 8. Nxc6
bxc6 9. Qa4 Qxd4 10. Rd1 Qb6 11. Qxc6 Qxc6 12. Bxc6 Rb8 13. Nc3 Bb7 14. Bb5 Bd5
15. f3 Bb4 16. Ba4 Ba8 17. e4 Ba5 18. Kf1 h6 19. Rd4 g5 20. g4 Bb6 21. Rd1 a6
22. Bd2 Bd4 23. Rab1 Be5 24. Ke2 Rfd8 25. h4 Nh7 26. hxg5 hxg5 27. Be3 Rd6 28.
Bc5 Rxd1 29. Nxd1 c3 30. b4 a5 31. Bc2 axb4 32. Rxb4 Rd8 33. Be3 0-1

[Event "World Rapid Women 2019"]
[Site "Moscow RUS"]
[Date "2019.12.26"]
[Round "3.42"]
[White "Borisova, Ekaterina"]
[Black "Zimina, Olga"]
[Result "1/2-1/2"]
[WhiteTitle "FM"]
[BlackTitle "IM"]
[WhiteElo "2344"]
[BlackElo "2390"]
[WhiteFideId "34124184"]
[BlackFideId "4132190"]
[EventDate "2019.12.26"]
[EventType "rapid"]

1. d4 d5 2. c4 c6 3. Nf3 Nf6 4. g3 Bg4 5. Ne5 Bf5 6. cxd5 Qxd5 7. f3 Bxb1 8.
Rxb1 e6 9. Bg2 Bb4+ 10. Kf2 Qxa2 11. Bg5 Qa5 12. Qb3 Qb6 13. Qd3 Nbd7 14. Nc4
Qb5 15. h4 O-O 16. Rhd1 Rfd8 17. e4 h6 18. Be3 Nb6 19. Nxb6 Qxd3 20. Rxd3 axb6
21. g4 Nd7 22. g5 h5 23. g6 fxg6 24. Bh3 Kf7 25. Rb3 Be7 26. Kg3 b5 27. Rc1 Nf6
28. Rc2 Ra4 29. Bg2 Rb4 30. Rxb4 Bxb4 31. f4 Be1+ 32. Kh3 Ng4 33. Bg1 Nf6 34.
Bf3 Ba5 35. Be3 Bb6 36. Rd2 Ra8 37. Kg3 Ke7 38. Kf2 Rf8 39. Rd1 Ra8 40. Rd2 Ra2
41. Ke2 Ba5 42. Rc2 Kd7 43. Kd3 Ng8 44. d5 exd5 45. exd5 Ne7 46. dxc6+ bxc6 47.
Bc5 Nf5 48. Bf2 Ne7 49. Bc5 Nd5 50. Bxd5 cxd5 51. Bd4 Ra1 52. Bxg7 Rd1+ 53. Ke2
Rh1 54. Rc5 Bc7 55. Rxd5+ Kc6 56. Rg5 Bxf4 57. Rxg6+ Kd5 58. Kf3 Bc1 59. Bf6 Kc4
60. Kg2 Rd1 61. Rg8 Bxb2 62. Bxb2 Rd2+ 63. Kf3 Rxb2 64. Rh8 b4 65. Rxh5 b3 66.
Rh8 Rh2 67. Kg3 Rh1 68. Rb8 Kc3 69. Kg4 Ra1 70. h5 Ra4+ 71. Kg5 Rb4 72. Rxb4
Kxb4 73. h6 Kc3 74. Kf4 1/2-1/2

[Event "World Rapid Women 2019"]
[Site "Moscow RUS"]
[Date "2019.12.26"]
[Round "3.43"]
[White "Mammadzada, Gunay"]
[Black "Semenova, Elena1"]
[Result "1-0"]
[WhiteTitle "IM"]
[BlackTitle "WIM"]
[WhiteElo "2455"]
[BlackElo "2290"]
[WhiteFideId "13403729"]
[BlackFideId "24125148"]
[EventDate "2019.12.26"]
[EventType "rapid"]

1. e4 e5 2. Nf3 Nf6 3. Nxe5 d6 4. Nf3 Nxe4 5. c4 d5 6. Nc3 Nf6 7. d4 Be7 8. Bd3
O-O 9. O-O Nc6 10. h3 Nb4 11. Be2 Bf5 12. a3 Nc6 13. Be3 dxc4 14. Bxc4 Ne4 15.
Ne2 Bd6 16. Bd3 Qf6 17. Qc2 Rfe8 18. Ng5 Qe7 19. Nf3 Bg6 20. Rfe1 Qf6 21. Rad1
Rad8 22. d5 Nb8 23. Bd4 Qe7 24. Nc3 f5 25. Nd2 Qh4 26. Ncxe4 fxe4 27. Nxe4 Bxe4
28. Rxe4 Rxe4 29. Bxe4 Re8 30. f3 Nd7 31. Bf2 Qf4 32. g3 Qh6 33. Bf5 Ne5 34. f4
Nf7 35. Be6 Kf8 36. Bd4 Qh5 37. g4 Qh4 38. Kg2 Nd8 39. Qf5+ Ke7 40. Bxg7 Bc5 41.
Rd2 Qe1 42. Bf6+ Kd6 43. Be5+ Ke7 44. Qf6# 1-0

[Event "World Rapid Women 2019"]
[Site "Moscow RUS"]
[Date "2019.12.26"]
[Round "3.44"]
[White "Muetsch, Annmarie"]
[Black "Solozhenkina, Elizaveta"]
[Result "1-0"]
[WhiteTitle "WIM"]
[BlackTitle "WIM"]
[WhiteElo "2227"]
[BlackElo "2329"]
[WhiteFideId "12971367"]
[BlackFideId "34106615"]
[EventDate "2019.12.26"]
[EventType "rapid"]

1. e4 e6 2. d4 d5 3. Nd2 Be7 4. e5 c5 5. c3 Nc6 6. Ndf3 Bd7 7. Bd3 cxd4 8. cxd4
Bb4+ 9. Kf1 f6 10. Ne2 fxe5 11. dxe5 Nge7 12. Nf4 Qc7 13. Qe2 O-O-O 14. a3 Bc5
15. b4 Nd4 16. Nxd4 Bxd4 17. Bb2 Qb6 18. a4 Nc6 19. b5 Na5 20. Qd2 Kb8 21. Rd1
Rhf8 22. g3 g5 23. Nh3 Nb3 24. Qc2 Bxb2 25. Qxb2 Nc5 26. Qd4 h6 27. a5 Nb3 28.
axb6 Nxd4 29. bxa7+ Kxa7 30. Ra1+ Kb6 31. Kg2 Rc8 32. f4 Rc3 33. Rhd1 Nb3 34.
Rab1 Nc5 35. Bf1 Rc2+ 36. Kg1 Ne4 37. Bd3 Rc7 38. Bxe4 dxe4 39. Rd6+ Ka5 40. b6
Rc2 41. Rxd7 g4 42. Rxb7 1-0

[Event "World Rapid Women 2019"]
[Site "Moscow RUS"]
[Date "2019.12.26"]
[Round "3.45"]
[White "Injac, Teodora"]
[Black "Karavaeva, Olga"]
[Result "1-0"]
[WhiteTitle "WIM"]
[BlackTitle "WIM"]
[WhiteElo "2284"]
[BlackElo "2260"]
[WhiteFideId "932400"]
[BlackFideId "4124111"]
[EventDate "2019.12.26"]
[EventType "rapid"]

1. d4 d5 2. c4 e6 3. Nf3 c6 4. e3 Nf6 5. Nbd2 Nbd7 6. Bd3 Bd6 7. O-O O-O 8. e4
dxe4 9. Nxe4 Nxe4 10. Bxe4 h6 11. Bc2 e5 12. Re1 exd4 13. Qxd4 Bc5 14. Qc3 Qf6
15. Qd3 g6 16. Bxh6 Qxb2 17. Bxf8 Nxf8 18. Qb3 Qf6 19. Rad1 Ne6 20. Qd3 a5 21.
Qe4 Nf4 22. Qe8+ Kh7 23. Rd8 Nxg2 24. Ng5+ Kh6 25. Nxf7+ Kh5 26. Qh8+ Qxh8 27.
Rxh8+ Kg4 28. Kxg2 b5 29. f3+ 1-0

[Event "World Rapid Women 2019"]
[Site "Moscow RUS"]
[Date "2019.12.26"]
[Round "3.46"]
[White "Serikbay, Assel"]
[Black "Paramzina, Anastasya"]
[Result "1-0"]
[WhiteTitle "WIM"]
[BlackTitle "WGM"]
[WhiteElo "2286"]
[BlackElo "2224"]
[WhiteFideId "13706799"]
[BlackFideId "4165012"]
[EventDate "2019.12.26"]
[EventType "rapid"]

1. d4 Nf6 2. c4 g6 3. g3 c5 4. d5 Bg7 5. Nc3 d6 6. Bg2 O-O 7. e4 e6 8. Nge2 exd5
9. cxd5 a6 10. a4 Nbd7 11. O-O Re8 12. Qc2 Rb8 13. a5 b5 14. axb6 Rxb6 15. h3
Qc7 16. Be3 Qb8 17. Rfb1 Ne5 18. b3 Rb4 19. f4 Ned7 20. Ra4 Nb6 21. Rxb4 cxb4
22. Nd1 Bd7 23. Nd4 Rc8 24. Nc6 Bxc6 25. dxc6 d5 26. e5 Ne4 27. Bxe4 dxe4 28.
Qxe4 a5 29. Rc1 Na8 30. Nb2 Nc7 31. Nc4 Nb5 32. Nb6 Rc7 33. Nd5 Nc3 34. Nxc3
bxc3 35. Rxc3 Bf8 36. e6 f5 37. Qd5 Be7 38. Bd4 Rc8 39. c7 Rxc7 40. Qe5 1-0

[Event "World Rapid Women 2019"]
[Site "Moscow RUS"]
[Date "2019.12.26"]
[Round "3.47"]
[White "Doluhanova, Evgeniya"]
[Black "Getman, Tatyana"]
[Result "1/2-1/2"]
[WhiteTitle "WGM"]
[BlackTitle "WFM"]
[WhiteElo "2293"]
[BlackElo "2265"]
[WhiteFideId "14112035"]
[BlackFideId "34166146"]
[EventDate "2019.12.26"]
[EventType "rapid"]

1. Nf3 d5 2. b3 c5 3. e3 a6 4. Bb2 Nc6 5. d4 Nf6 6. c4 dxc4 7. Bxc4 e6 8. O-O b5
9. Be2 Bb7 10. a4 b4 11. Nbd2 cxd4 12. Nxd4 Nxd4 13. Bxd4 Be7 14. Nc4 O-O 15.
Rc1 Rc8 16. Bf3 Bd5 17. Bxd5 Nxd5 18. e4 Nf4 19. Rc2 Bc5 20. Bxc5 Rxc5 21. Qf3
Qg5 22. g3 Ng6 23. Qe3 Qxe3 24. Nxe3 Rxc2 25. Nxc2 a5 26. Rd1 f5 27. exf5 Rxf5
28. Rd8+ Kf7 29. Rd7+ Kf6 30. Ne3 Rc5 31. Ng4+ Kf5 32. f3 Ne5 33. Nxe5 Kxe5 34.
Rxg7 Rc3 35. Rxh7 Rxf3 36. Rh5+ Kd4 37. Rxa5 Rxb3 38. g4 Ke4 39. g5 Kf3 40. h4
Rb1+ 41. Kh2 Rb2+ 42. Kh3 Rb1 43. Kh2 Rb2+ 1/2-1/2

[Event "World Rapid Women 2019"]
[Site "Moscow RUS"]
[Date "2019.12.26"]
[Round "3.48"]
[White "Lysenko, Margarita"]
[Black "Nur-Mukhametova, Alisa"]
[Result "1-0"]
[WhiteTitle "WFM"]
[WhiteElo "2290"]
[BlackElo "2213"]
[WhiteFideId "34100200"]
[BlackFideId "54117739"]
[EventDate "2019.12.26"]
[EventType "rapid"]

1. d4 e6 2. c4 c5 3. d5 exd5 4. cxd5 d6 5. Nc3 g6 6. e4 Bg7 7. f4 Ne7 8. Nf3 O-O
9. Be2 Bg4 10. O-O a6 11. a4 Nd7 12. a5 Bxf3 13. Bxf3 f5 14. e5 dxe5 15. d6 Nc6
16. Qb3+ Kh8 17. Qxb7 e4 18. Qxc6 exf3 19. Rxf3 Re8 20. Be3 Rb8 21. Rd1 Rxb2 22.
Nd5 Qc8 23. Nc7 Rb3 24. Bf2 Rxf3 25. gxf3 Re2 26. Kf1 Re8 27. Qxa6 Qxa6+ 28.
Nxa6 c4 29. Nc7 Rc8 30. a6 c3 31. a7 c2 32. Rc1 1-0

[Event "World Rapid Women 2019"]
[Site "Moscow RUS"]
[Date "2019.12.26"]
[Round "3.49"]
[White "Nilssen, Ellen Fredericia"]
[Black "Garifullina, Leya"]
[Result "1-0"]
[WhiteTitle "WFM"]
[BlackTitle "WIM"]
[WhiteElo "2000"]
[BlackElo "2308"]
[WhiteFideId "1441230"]
[BlackFideId "34127035"]
[EventDate "2019.12.26"]
[EventType "rapid"]

1. d4 Nf6 2. c4 e6 3. Nf3 b6 4. a3 Bb7 5. Nc3 d5 6. cxd5 Nxd5 7. e4 Nxc3 8. bxc3
Nd7 9. Bd3 c5 10. O-O Be7 11. a4 O-O 12. Bf4 Rc8 13. a5 cxd4 14. cxd4 Nf6 15.
Qb1 h6 16. axb6 axb6 17. Ra7 Bc6 18. Rc1 b5 19. Ne5 Bd7 20. Rxc8 Qxc8 21. Nxd7
Nxd7 22. Qxb5 Qc3 23. Rxd7 Bh4 24. g3 Qe1+ 25. Kg2 Ra8 26. gxh4 Ra1 27. Qb8+ 1-0

[Event "World Rapid Women 2019"]
[Site "Moscow RUS"]
[Date "2019.12.26"]
[Round "3.50"]
[White "Bykova, Anastasia"]
[Black "Munkhzul, Turmunkh"]
[Result "1-0"]
[WhiteTitle "WFM"]
[BlackTitle "WIM"]
[WhiteElo "2247"]
[BlackElo "2278"]
[WhiteFideId "4164970"]
[BlackFideId "4901878"]
[EventDate "2019.12.26"]
[EventType "rapid"]

1. d4 Nf6 2. c4 g6 3. Nf3 Bg7 4. g3 O-O 5. Bg2 d6 6. O-O Nbd7 7. Nc3 e5 8. e4
exd4 9. Nxd4 Re8 10. h3 Nc5 11. Re1 a5 12. Bf4 Nfd7 13. Be3 Ne5 14. Qe2 Ne6 15.
Rad1 Nxd4 16. Bxd4 Be6 17. Nd5 c6 18. Ne3 f6 19. f4 Nf7 20. Bc3 Qc7 21. Qf2 Bd7
22. Rd2 Rad8 23. Red1 Bc8 24. Rd3 b6 25. b3 Qe7 26. Bd4 Bb7 27. Bxb6 Rb8 28.
Bxa5 Bc8 29. Bc3 h5 30. Kh2 Qc7 31. Qb2 Qe7 32. Qf2 Qc7 33. Kh1 Ba6 34. g4 Bc8
35. gxh5 gxh5 36. Qh4 Ra8 37. Bxf6 Bxf6 38. Qxf6 Re6 39. Qh4 Rxa2 40. Nf5 Kf8
41. Qxh5 Rf6 42. Nxd6 Rh6 43. Qxf7+ Qxf7 44. Nxf7 Kxf7 45. f5 Rb2 46. Rd8 Ba6
47. e5 1-0

[Event "World Rapid Women 2019"]
[Site "Moscow RUS"]
[Date "2019.12.26"]
[Round "3.51"]
[White "Shafigullina, Zarina"]
[Black "Yakimova, Mariya"]
[Result "0-1"]
[WhiteTitle "WFM"]
[BlackTitle "WFM"]
[WhiteElo "2269"]
[BlackElo "2288"]
[WhiteFideId "24174220"]
[BlackFideId "34188859"]
[EventDate "2019.12.26"]
[EventType "rapid"]

1. Nf3 d5 2. g3 c5 3. Bg2 Nf6 4. O-O Nc6 5. d3 e5 6. Nbd2 Be7 7. c4 d4 8. Ng5
O-O 9. Nb3 Rb8 10. Ne4 Nd7 11. g4 Nf6 12. Nxf6+ Bxf6 13. Nxc5 Bxg4 14. Nxb7 Rxb7
15. Bxc6 Rb6 16. Bg2 Bh4 17. c5 Rg6 18. Kh1 Qc8 19. Be4 f5 20. Bd5+ Kh8 21. b4
Bh3 22. Rg1 Rff6 23. Rg3 Bxg3 24. fxg3 f4 25. gxf4 Qg4 26. b5 Bg2+ 27. Kg1 Bxd5+
28. Kf2 Rxf4+ 0-1

[Event "World Rapid Women 2019"]
[Site "Moscow RUS"]
[Date "2019.12.26"]
[Round "3.52"]
[White "Khokhlova, Daria"]
[Black "Tsogzolmaa, Nanjid"]
[Result "1-0"]
[WhiteElo "2208"]
[BlackElo "1884"]
[WhiteFideId "24182729"]
[BlackFideId "4903099"]
[EventDate "2019.12.26"]
[EventType "rapid"]

1. d4 Nf6 2. c4 e6 3. Nc3 Bb4 4. e3 d5 5. Bd3 a6 6. Nf3 dxc4 7. Bxc4 b5 8. Bd3
Bb7 9. O-O Nbd7 10. a4 c6 11. e4 h6 12. e5 Nd5 13. Nxd5 cxd5 14. axb5 a5 15. Bd2
Bxd2 16. Qxd2 O-O 17. b3 Qb6 18. Rfc1 Rfb8 19. Ra4 Ra7 20. Rca1 Rba8 21. Qa2 Rc8
22. b4 Qc7 23. bxa5 Qc3 24. Ra3 Qb4 25. Rb1 Qe7 26. a6 Ba8 27. b6 Nxb6 28. Rxb6
Rc1+ 29. Bf1 Qc7 30. Qb3 Bc6 31. Nd2 f6 32. exf6 gxf6 33. Qg3+ Qxg3 34. Rxg3+
Kf7 35. Rb1 Rc2 36. Nb3 e5 37. Na5 Ba8 38. dxe5 fxe5 39. Rgb3 Rcc7 40. f3 Ke6
41. Rb6+ Kd7 42. Rxh6 e4 43. Rh7+ Kd6 44. Rxc7 Kxc7 45. fxe4 dxe4 46. Nb7 Bxb7
47. Rxb7+ Rxb7 48. axb7 Kxb7 49. Kf2 1-0

[Event "World Rapid Women 2019"]
[Site "Moscow RUS"]
[Date "2019.12.26"]
[Round "3.53"]
[White "Gvetadze, Sofio"]
[Black "Heinemann, Josefine"]
[Result "1-0"]
[WhiteTitle "IM"]
[BlackTitle "WGM"]
[WhiteElo "2301"]
[BlackElo "2318"]
[WhiteFideId "13601440"]
[BlackFideId "12900460"]
[EventDate "2019.12.26"]
[EventType "rapid"]

1. Nf3 c5 2. g3 Nc6 3. Bg2 g6 4. O-O Bg7 5. d3 d5 6. Nbd2 Nf6 7. e4 e5 8. Re1
O-O 9. exd5 Nxd5 10. Nc4 f6 11. a4 b6 12. c3 Bb7 13. Qb3 Kh8 14. a5 Rb8 15. axb6
axb6 16. Nfd2 Nce7 17. Ne4 Bc6 18. Qc2 Qc7 19. Bd2 Ra8 20. b4 cxb4 21. cxb4 Bb5
22. Qb3 Rac8 23. Ncd6 Bc6 24. Nxc8 Rxc8 25. b5 Bb7 26. Ra7 Rd8 27. Rc1 Qb8 28.
Qa2 Nf5 29. Kh1 Nd4 30. Rb1 h6 31. Nc3 Nxc3 32. Bxc3 Bxg2+ 33. Kxg2 Nf5 34. Qf7
Qd6 35. Rd1 Qc5 36. Qxg6 Qxc3 37. Qxf5 Qb3 38. Rc1 Qxb5 39. Rcc7 Rg8 40. Qxf6
Qxd3 41. Rxg7 Qe4+ 42. Kh3 1-0

[Event "World Rapid Women 2019"]
[Site "Moscow RUS"]
[Date "2019.12.26"]
[Round "3.54"]
[White "Gansvind, Valeriya I."]
[Black "Tomilova, Elena"]
[Result "1/2-1/2"]
[WhiteTitle "WFM"]
[BlackTitle "WGM"]
[WhiteElo "2081"]
[BlackElo "2341"]
[WhiteFideId "4109821"]
[BlackFideId "4162340"]
[EventDate "2019.12.26"]
[EventType "rapid"]

1. d4 Nf6 2. Bg5 d5 3. Bxf6 gxf6 4. e3 c5 5. c3 Qb6 6. Qb3 c4 7. Qxb6 axb6 8.
Nd2 f5 9. g3 Nc6 10. Bg2 e6 11. a3 b5 12. Rb1 Bd7 13. Ne2 Bd6 14. O-O f6 15.
Rfe1 Kf7 16. Nf4 Ne7 17. Bf3 Ng6 18. Rbd1 Bc6 19. Nf1 Bxf4 20. exf4 h5 21. h4
Rag8 22. Kh2 Ne7 23. Rd2 Nc8 24. Bd1 Nd6 25. Rde2 Bd7 26. f3 Ra8 27. Ne3 Bc6 28.
Nf1 Rhe8 29. Bc2 Re7 30. Ne3 Rae8 31. Nd1 Nc8 32. Nf2 Nb6 33. Nd1 Rc7 34. Nf2
Rcc8 35. Nd1 Na4 36. Bb1 Bd7 37. Kg2 Rcd8 38. Kf2 Rg8 39. Ne3 Rde8 40. Nd1 Rg7
41. Rg1 Reg8 42. Ne3 Nb6 43. Nd1 Nc8 44. Ne3 Ne7 45. Rg2 Ng6 46. Bc2 Ne7 47. Nf1
Nc6 48. Ne3 Ra8 49. Bb1 Na5 50. Bc2 Nc6 51. Bb1 Rgg8 52. Kg1 b4 53. axb4 Ra1 54.
Re1 Ne7 55. Nc2 Ra7 56. Kh2 Ba4 57. Ne3 Bb3 58. Rge2 b5 59. Nf1 Ra6 60. Ne3 Nc8
61. Nf1 Rd8 1/2-1/2

[Event "World Rapid Women 2019"]
[Site "Moscow RUS"]
[Date "2019.12.26"]
[Round "3.55"]
[White "Zhuravleva, Olga"]
[Black "Geller, Anastasiya"]
[Result "1-0"]
[WhiteTitle "WIM"]
[BlackTitle "WFM"]
[WhiteElo "2278"]
[BlackElo "2161"]
[WhiteFideId "4145933"]
[BlackFideId "24119059"]
[EventDate "2019.12.26"]
[EventType "rapid"]

1. e4 c6 2. Nc3 d5 3. Nf3 Nf6 4. e5 Ne4 5. Ne2 Qb6 6. d4 e6 7. c3 c5 8. Qb3 c4
9. Qc2 Nc6 10. g3 f6 11. exf6 gxf6 12. Nf4 Bd7 13. Bxc4 Nxf2 14. Qxf2 dxc4 15.
Be3 Qb5 16. a4 Qf5 17. Nd2 Na5 18. Qe2 h5 19. Rf1 O-O-O 20. Nxc4 Kb8 21. Nxa5
Qxa5 22. Ng6 Rg8 23. Rxf6 Bg7 24. Rf7 Bxd4 25. Bxd4 Rxg6 26. Rh7 Ka8 27. Rxh5
Qc7 28. Re5 Bc6 29. b3 Rf6 30. Re3 Rf5 31. O-O-O Qd6 32. Rxe6 Qf8 33. Re1 Bd5
34. Re8 Qh6+ 35. Kb2 Rf8 36. Rxf8 Qxf8 37. Rf1 Qg8 38. Qb5 b6 39. Rf2 Qe6 40.
Re2 Qg6 41. Re7 Bb7 42. a5 Qd6 43. Re8 a6 44. Rxd8+ Qxd8 45. Qxb6 1-0

[Event "World Rapid Women 2019"]
[Site "Moscow RUS"]
[Date "2019.12.26"]
[Round "3.56"]
[White "Belenkaya, Dina"]
[Black "Potapova, Margarita"]
[Result "1/2-1/2"]
[WhiteTitle "WGM"]
[BlackTitle "WFM"]
[WhiteElo "2298"]
[BlackElo "2307"]
[WhiteFideId "24142654"]
[BlackFideId "14126869"]
[EventDate "2019.12.26"]
[EventType "rapid"]

1. e4 c5 2. Nc3 d6 3. g3 Nc6 4. Bg2 g6 5. d3 Bg7 6. Be3 e6 7. Qd2 Rb8 8. Nge2
Nd4 9. O-O Ne7 10. Nd1 Nxe2+ 11. Qxe2 Nc6 12. c3 O-O 13. Qd2 b6 14. Bg5 Qc7 15.
Bh6 Ba6 16. Bxg7 Kxg7 17. f4 f5 18. Re1 Rbe8 19. Ne3 Qd7 20. a3 Ne7 21. b4 Bb7
22. Re2 Ng8 23. Nc4 fxe4 24. Bxe4 Ba6 25. Bg2 Nf6 26. Rae1 Re7 27. Bh3 Rfe8 28.
Qe3 Bb7 29. f5 e5 30. Qg5 Qc6 31. Bg2 e4 32. dxe4 Qc7 33. Rf2 Rf7 34. fxg6 hxg6
35. e5 dxe5 36. Bxb7 Nh7 37. Rxf7+ Qxf7 38. Qe3 Qxc4 39. Bc6 Re7 40. Rf1 Qe6 41.
b5 Qd6 42. Qf3 Qf6 43. Qd5 Qg5 44. Kg2 Nf6 45. Qd6 Ng8 46. Be4 Rf7 47. Rxf7+
Kxf7 48. Bd5+ Kg7 49. Bxg8 Kxg8 50. Qb8+ Kg7 51. Qxa7+ Kh6 52. Qxb6 Qd2+ 53. Kh3
Qd7+ 54. Kg2 Qd2+ 55. Kh3 Qd7+ 56. Kg2 Qd2+ 57. Kh3 1/2-1/2

[Event "World Rapid Women 2019"]
[Site "Moscow RUS"]
[Date "2019.12.26"]
[Round "3.57"]
[White "Agrest, Inna"]
[Black "Guindy, Esmat Susanne"]
[Result "0-1"]
[WhiteTitle "WIM"]
[BlackTitle "WFM"]
[WhiteElo "2286"]
[BlackElo "2120"]
[WhiteFideId "1708830"]
[BlackFideId "1401637"]
[EventDate "2019.12.26"]
[EventType "rapid"]

1. e4 e6 2. d4 d5 3. Nc3 Nf6 4. Bg5 dxe4 5. Nxe4 Be7 6. Bxf6 gxf6 7. Nf3 b6 8.
Qd2 Bb7 9. Bb5+ c6 10. Bd3 f5 11. Ng3 h5 12. h3 Nd7 13. O-O-O Qc7 14. h4 O-O-O
15. Ng5 Bd6 16. Ne2 Nf6 17. f3 Nd5 18. g3 c5 19. c3 cxd4 20. Nxd4 Bxg3 21. Kb1
Bf4 22. Qe2 Bxg5 23. hxg5 Nf4 24. Qe3 Nxd3 25. Rxd3 f4 26. Qf2 Ba6 27. Rd2 e5
28. Nc2 Rxd2 29. Qxd2 Rd8 30. Qe1 Bd3 31. Rxh5 Qc4 32. Rh2 Rd5 33. b3 Bxc2+ 34.
Rxc2 Qd3 35. Qh1 Qd1+ 36. Qxd1 Rxd1+ 37. Kb2 Rg1 38. Re2 Rxg5 39. Kc2 Kd7 40.
Kd3 Ke6 41. Rh2 Rg3 42. Ke2 e4 43. fxe4 Rxc3 44. Rh6+ Ke5 45. Rh7 Kxe4 46. Rxf7
Rc2+ 47. Kf1 Kf3 48. Ke1 Rxa2 49. b4 b5 50. Rf5 a6 51. Rf6 Ra4 52. Kd2 Rxb4 53.
Rxa6 Kf2 54. Rf6 f3 55. Rf8 Rd4+ 56. Kc3 Rd5 57. Kc2 Ke2 58. Re8+ Kf1 59. Rf8 f2
60. Rf7 Kg2 61. Rg7+ Kf3 62. Rf7+ Kg3 63. Rg7+ Kf4 0-1